| 000 | 01161nam a22002417a 4500 | ||
|---|---|---|---|
| 003 | BD-DhUL | ||
| 005 | 20190626105635.0 | ||
| 008 | 160404s20152017bg ||||| b||| 000 0 ben | ||
| 020 | _a9789849076452 | ||
| 040 |
_aBD-DhUL _cBD-DhUL |
||
| 082 |
_a954.925 _bKHM |
||
| 100 | 1 | _aখান, ফারুক আজিজ । | |
| 245 | 1 | 0 |
_aবসন্ত ১৯৭১ : _b মুজিবনগর সরকারের কেন্দ্র থেকে দেখা মুক্তিযুদ্ধ / _cফারুক আজিজ খান ; অনুবাদক, আসজাদুল কিবরিয়া । |
| 260 |
_aঢাকা : _bপ্রথমা, _c২০১৭ । |
||
| 300 |
_a২০৮ পৃ. ; _c২২ সেমি. |
||
| 365 |
_aBDT _b400.00 |
||
| 500 | _a"স্বাধীনতার ৪৩ বছর" | ||
| 504 | _aগ্রন্থপঞ্জিগত তথ্য সংবলিত । | ||
| 651 | 0 |
_aমুজিবনগর _xবাংলাদেশ । |
|
| 651 | 0 |
_aMujibnagar _zBangladesh. |
|
| 700 | 1 |
_aকিবরিয়া, আসজাদুল । _eঅনুবাদক |
|
| 942 |
_2ddc _cBK |
||
| 999 |
_c52322 _d52322 |
||